| 000 | 01473nac a22002771u 4500 | ||
|---|---|---|---|
| 008 | 090301t xxu||||| |||| 00| 0 eng d | ||
| 010 | _a 2004050148 | ||
| 020 | _a9780138133863 | ||
| 082 | 0 | 0 |
_a658.84 _bKEE |
| 100 | _aKeegan, Warren J. | ||
| 245 | 1 | 0 |
_aGlobal marketing / _cWarren J. Keegan, Mark C. Green. |
| 250 |
_a4th ed. _bInternational ed. |
||
| 260 |
_aUpper Saddle River, N.J. : _bPearson/Prentice Hall, _cc2008. |
||
| 300 |
_axx, 636 p. : _bcol. ill., col. maps ; _c28 cm. |
||
| 500 | _aDistributer: Al-Ahram. | ||
| 500 | _aInternational ed. | ||
| 504 | _aIncludes bibliographical references and indexes. | ||
| 511 | _aCatalogued By: Mahitab. | ||
| 650 | 0 | _aExport marketing. | |
| 700 | 1 | _aGreen, Mark C. | |
| 942 |
_cBB _k658.84KEE _2ddc |
||
| 999 |
_c10972 _d10972 |
||